Normal view
MARC view
- RAMSDALE, P. A,SLADE, M. G,WILLCOX, A. M
Entry Personal Name
001 - CONTROL NUMBER
- control field: 74684
003 - CONTROL NUMBER IDENTIFIER
- control field: NUST
005 - DATE AND TIME OF LATEST TRANSACTION
- control field: 20210628205253.0
008 - FIXED-LENGTH DATA ELEMENTS
- fixed length control field: 210628|| aca||aabn | a|a d
040 ## - CATALOGING SOURCE
- Original cataloging agency: NUST
- Transcribing agency: NUST
100 ## - HEADING--PERSONAL NAME
- Personal name: RAMSDALE, P. A,SLADE, M. G,WILLCOX, A. M
670 ## - SOURCE DATA FOUND
- Source citation: Work cat.: (NUST): RAMSDALE, P. A,SLADE, M. G,WILLCOX, A. M, COMMAND CONTROL AND COMMUNICATIONS C3, 1983
